Shiʻr-i bī durūgh, shiʻr-i bī naqāb : (Record no. 50474)

MARC details
000 -LEADER
fixed length control field 00872cam a22002291i 4500
001 - CONTROL NUMBER
control field ne 68002222
003 - CONTROL NUMBER IDENTIFIER
control field DLC
005 - DATE AND TIME OF LATEST TRANSACTION
control field 20260227111843.0
008 - FIXED-LENGTH DATA ELEMENTS--GENERAL INFORMATION
fixed length control field 880920s1967 ir b 000 0 perr
010 ## - LIBRARY OF CONGRESS CONTROL NUMBER
LC control number ne 68002222
035 ## - SYSTEM CONTROL NUMBER
System control number (OCoLC)18507150
040 ## - CATALOGING SOURCE
Original cataloging agency DLC
Transcribing agency WaU
Modifying agency DLC
042 ## - AUTHENTICATION CODE
Authentication code premarc
043 ## - GEOGRAPHIC AREA CODE
Geographic area code a-ir---
050 00 - LIBRARY OF CONGRESS CALL NUMBER
Classification number PK6416
Item number .Z2
100 1# - MAIN ENTRY--PERSONAL NAME
Personal name Zarrīnʹkūb, ʻAbd al-Ḥusayn.
245 10 - TITLE STATEMENT
Title Shiʻr-i bī durūgh, shiʻr-i bī naqāb :
Remainder of title shāmil-i baḥs̲ dar funūn-i shāʻirī, sabk naqd-i shiʻr-i Fārsī. Ba mulāḥizāt-i taṭbīqī va inṭiqādī rājiʻ bishiʻr-i qadīm va shiʻr-i imrūz. /
Statement of responsibility, etc. taʼlif-i ʻAbd al-Ḥusayn Zarrinkub.
260 ## - PUBLICATION, DISTRIBUTION, ETC.
Place of publication, distribution, etc. Ṭihrān :
Name of publisher, distributor, etc. Muḥammad ʻAlī ʻIlmī,
Date of publication, distribution, etc. 1346 [1967 or 8]
300 ## - PHYSICAL DESCRIPTION
Extent 7, 337 p. ;
Dimensions 24 cm.
504 ## - BIBLIOGRAPHY, ETC. NOTE
Bibliography, etc. note Bibliography: [317]-321.
650 #0 - SUBJECT ADDED ENTRY--TOPICAL TERM
Topical term or geographic name entry element Persian poetry
General subdivision History and criticism.

No items available.

Powered by Koha